MARC

LEADER 00000nam0a2200000 4500
001 20295
005 20231101205340.0
035 |a (RuTPU)RU\TPU\book\20473 
035 |a BOOK00000021 
090 |a 20295 
100 |a 20011209d1960 km y0rusy50 ca 
101 0 |a rus 
102 |a RU 
105 |a y z 000zb 
200 1 |a Логическое учение Аристотеля  |f А. С. Ахманов 
210 |a Москва  |c Соцэкгиз  |d 1960 
215 |a 314 с. 
451 1 |0 (RuTPU)RU\TPU\book\56012  |y 5-354-00044-0  |t Логическое учение Аристотеля  |f А. С. Ахманов  |e 2-е изд., стер.  |c Москва  |n Едиториал УРСС  |d 2002  |p 312 с.  |s Из истории логики XX века  |a Ахманов, Александр Сергеевич 
600 0 |a Аристотель  |c древнегреческий философ и учёный-энциклопедист из Стагиры  |f 384 - 322 до н.э.  |2 stltpui  |3 (RuTPU)RU\TPU\pers\24  |9 15 
606 |a Логика  |2 stltpush  |3 (RuTPU)RU\TPU\subj\40551  |9 60396 
606 |a Греческая философия древняя  |z 4 в. до н.э.  |2 stltpush  |3 (RuTPU)RU\TPU\subj\8638  |9 36010 
610 1 |a история 
610 1 |a античная философия 
610 1 |a древнегреческая философия 
686 |a Ю4  |v LBC/SL-A  |2 rubbk 
686 |a Ю3(0)321  |v LBC/SL-A  |2 rubbk 
700 1 |a Ахманов  |b А. С.  |g Александр Сергеевич 
801 0 |a RU  |b 63413507  |c 20011209  |g PSBO 
801 2 |a RU  |b 63413507  |c 20180227  |g PSBO 
942 |c BK